|
|
|
|
| LEADER |
01133nam a2200277 u 4500 |
| 001 |
10024012 |
| 003 |
upatras |
| 005 |
20210117205833.0 |
| 008 |
960201s1971 uk eng |
| 020 |
|
|
|a 0435680803
|
| 040 |
|
|
|a GR-PaULI
|c GR-PaULI
|
| 041 |
0 |
|
|a eng
|
| 082 |
0 |
4 |
|a 537.311
|
| 100 |
1 |
|
|a Close, K. J.
|9 150299
|
| 245 |
1 |
0 |
|a An introduction to semiconductors
|c K. J. Close, J. Yarwood
|
| 260 |
|
|
|a London
|b Heinemann Educational Books
|c 1971
|
| 300 |
|
|
|a viii, 182 p.
|b fig.
|c 22 cm.
|
| 504 |
|
|
|a Includes index
|
| 700 |
1 |
|
|a Yarwood, J.
|9 150300
|
| 852 |
|
|
|a GR-PaULI
|b ΠΑΤΡΑ
|b ΦΥΣΙΚΟ
|k ΑΕΧ-1
|h 537.311 CLO
|m 00256
|p 025000024222
|t 1
|
| 852 |
|
|
|a GR-PaULI
|b ΠΑΤΡΑ
|b ΦΥΣΙΚΟ
|k ΑΕΧ-1
|h 537.311 CLO
|m 01929
|t 2
|
| 942 |
|
|
|2 ddc
|c BK15
|
| 952 |
|
|
|0 0
|1 0
|4 0
|6 537_311000000000000_CLO
|7 0
|9 192905
|a PHYS
|b PHYS
|d 2016-04-24
|i 00256
|l 0
|o 537.311 CLO
|p 025000024222
|r 2016-04-24 00:00:00
|t 1
|w 2016-04-24
|y BK15
|
| 952 |
|
|
|0 0
|1 0
|4 0
|6 537_311000000000000_CLO
|7 0
|9 192906
|a PHYS
|b PHYS
|d 2016-04-24
|i 01929
|l 0
|o 537.311 CLO
|r 2016-04-24 00:00:00
|t 2
|w 2016-04-24
|y BK15
|
| 998 |
|
|
|c ΔΡΑΚΟΠΟΥΛΟΥ
|d 2001-11
|
| 999 |
|
|
|c 118278
|d 118278
|